| 000 | 01648cad a22002895a 4500 | ||
|---|---|---|---|
| 001 | E146838 | ||
| 008 | 090304s2009 xxk f 000 0 eng d | ||
| 020 |
_a9781905018727 (print) _a9781905018734 (online) |
||
| 035 | _a(Sirsi) u146838 | ||
| 041 | 0 | _aeng | |
| 050 | 0 | 4 | _a306.1 $2 18 |
| 100 | 1 | _aPawson, Hal | |
| 245 | 0 | 4 |
_aThe impacts of housing stock transfers in urban Britain _h[electronic resource] |
| 260 |
_aCoventry _bCIH _aYork _bJRF _c2009 |
||
| 505 | 2 | _aIntroduction -- Transfer promises: overview of commitments and investment delivery -- Evolution of transfer housing association business plans -- Governance and tenant empowerment -- Organisational culture and management -- Housing management services and customer satisfaction -- Regeneration impacts -- Transfer housing association staff perspectives -- Conclusions | |
| 520 | _aExamines the effects of housing stock transfers which have been carried out across Britain since 1997. Looks in detail at 10 case studies and discusses whether 'transfer promises' were met; the effect which the transfers had on organisation and service delivery; and the contribution which transfers have made to regeneration and social inclusion. | ||
| 521 | _aAdvanced | ||
| 590 | _aKA | ||
| 651 | 4 |
_aGreat Britain _y1707- |
|
| 690 | _aPROPERTY-RESIDENTIAL PROPERTY-DOMESTIC RESIDENTIAL PROPERTY-HOUSING | ||
| 700 | 1 | _aDavidson, Emma | |
| 700 | 1 | _aMorgan, James | |
| 700 | 1 | _aSmith, Robert | |
| 700 | 1 | _aEdwards, Rebecca | |
| 856 | 4 | 0 |
_uhttps://www.jrf.org.uk/publications/impacts-housing-stock-transfers-urban-britain _zView the report free of charge at www.jrf.org.uk... |
| 942 | _n0 | ||
| 999 |
_c109314 _d109314 |
||